Teologar de por vida
Salvato in:
| Autore principale: | |
|---|---|
| Natura: | Libro |
| Lingua: | spagnolo |
| Pubblicazione: |
Bilbao
Universidad de Deusto
2004
|
| Edizione: | 1a. ed |
| Serie: | Cuadernos de Teología Deusto, 29
|
| Soggetti: | |
| Tags: |
Aggiungi Tag
Nessun Tag, puoi essere il primo ad aggiungerne!!
|
MARC
| LEADER | 00000nam a2200000 a 4500 | ||
|---|---|---|---|
| 001 | UCJ8999 | ||
| 003 | CL-VaPUC | ||
| 008 | 070126e20040000SP |||||||||||||||||spa|d | ||
| 020 | |a 8474859263 | ||
| 082 | 0 | 4 | |a 230 |b ARM |2 21 |
| 100 | 0 | |a Armendáriz, Luis María |e author |9 518859 | |
| 245 | 1 | 0 | |a Teologar de por vida |
| 250 | |a 1a. ed | ||
| 300 | |a 49 p | ||
| 942 | |c BK | ||
| 945 | |d 20070126 00:00:00 |a lvergara | ||
| 260 | |a Bilbao |b Universidad de Deusto |c 2004 | ||
| 650 | 0 | |a Teología |9 258766 | |
| 650 | 0 | |a Teología cristiana |9 308336 | |
| 583 | |a last modification |c 20070126 00:00:00 |k Rodrigo Vera | ||
| 490 | 0 | |a Cuadernos de Teología Deusto, 29 | |
| 999 | |c 324642 |d 324640 | ||
| 952 | |0 0 |1 0 |4 0 |6 230_000000000000000_ARM_2004 |7 0 |8 A |9 404915 |a BIBTEO |b BIBTEO |d 2019-11-22 |i 4311264 |o 230 ARM 2004 |p 4311264 |r 2025-01-17 |w 2019-11-22 |y BK |k ICR | ||